[Event "Satka Autumn op (Women)"]
[Site "Satka"]
[Date "2014.09.23"]
[Round "3"]
[White "Mirzoeva, Elmira"]
[Black "Khafizova, Yana"]
[Result "1-0"]
[WhiteElo "2233"]
[BlackElo "1958"]
[PlyCount "79"]
[EventDate "2014.09.21"]
[EventType "swiss"]
[EventRounds "9"]
[EventCountry "RUS"]
[SourceTitle "CBM 162 Extra"]
[Source "ChessBase"]
[SourceDate "2014.10.17"]
[SourceVersion "1"]
[SourceVersionDate "2014.10.17"]
[SourceQuality "1"]

1. d4 d5 2. c4 e6 3. Nc3 c6 4. Nf3 Nf6 5. Bg5 Be7 6. e3 Nbd7 7. Qc2 0-0 8. Rd1 Re8 9. a3 b6 10. Bd3 Bb7 11. 0-0 h6 12. Bh4 Rc8 13. Qe2 c5 14. Bg3 Ne4 15. Bxe4 dxe4 16. Ne5 Bf6 17. Nxd7 Qxd7 18. dxc5 Qc6 19. Nb5 Qxc5 20. b4 Qc6 21. Nd6 Ba8 22. Nxe8 Qxe8 23. b5 e5 24. Rc1 Qe7 25. Qb2 Bb7 26. Rfd1 Qe6 27. h3 h5 28. a4 Rc5 29. Qe2 h4 30. Bh2 Bc8 31. Qg4 Qxg4 32. hxg4 Be6 33. Rd6 Be7 34. Rc6 Bxg4 35. Rxc5 Bxc5 36. Bxe5 Bc8 37. Bd4 Ba3 38. Ra1 Bb4 39. Rb1 Bd6 40. a5 1-0

[Event "Satka Autumn op (Women)"]
[Site "Satka"]
[Date "2014.09.21"]
[Round "1"]
[White "Goryachkina, Aleksandra"]
[Black "Khafizova, Yana"]
[Result "1-0"]
[WhiteElo "2430"]
[BlackElo "1958"]
[PlyCount "61"]
[EventDate "2014.09.21"]
[EventType "swiss"]
[EventRounds "9"]
[EventCountry "RUS"]
[SourceTitle "CBM 162 Extra"]
[Source "ChessBase"]
[SourceDate "2014.10.17"]
[SourceVersion "1"]
[SourceVersionDate "2014.10.17"]
[SourceQuality "1"]

1. d4 d5 2. c4 c6 3. Nc3 e6 4. Nf3 Nf6 5. e3 Nbd7 6. Qc2 Bd6 7. Bd3 0-0 8. 0-0 Re8 9. Rd1 h6 10. e4 dxe4 11. Nxe4 Nxe4 12. Bxe4 Nf6 13. Bd3 Qe7 14. c5 Bc7 15. Re1 Bd7 16. Bd2 Nd5 17. Ne5 Rad8 18. b4 Qf6 19. Re4 a6 20. Rae1 Bc8 21. Rg4 Kh8 22. Qc1 Rf8 23. h4 Rde8 24. a3 Rd8 25. Bb1 Bd7 26. Qc2 Qf5 27. Qd1 Qf6 28. Bg5 hxg5 29. hxg5 Qe7 30. Rh4+ Kg8 31. Rh8+ 1-0

[Event "EU-ch U18 Girls 23rd"]
[Site "Budva"]
[Date "2013.10.08"]
[Round "9"]
[White "Nikolovska, Dragana"]
[Black "Khafizova, Yana"]
[Result "1/2-1/2"]
[WhiteElo "1861"]
[BlackElo "1955"]
[PlyCount "57"]
[EventDate "2013.09.29"]
[EventType "swiss"]
[EventRounds "9"]
[EventCountry "MNE"]
[SourceTitle "CBM 156 Extra"]
[Source "ChessBase"]
[SourceDate "2013.10.22"]
[SourceVersion "1"]
[SourceVersionDate "2013.10.22"]
[SourceQuality "1"]

1. e4 e5 2. Nf3 Nc6 3. c3 d5 4. Bb5 dxe4 5. Nxe5 Qd5 6. Qa4 Nge7 7. Nxc6 bxc6 8. Be2 Bd7 9. 0-0 Ng6 10. Re1 Be7 11. Bc4 Qf5 12. Qc2 0-0 13. Qxe4 Qf6 14. d4 Bf5 15. Qf3 Bd6 16. Be3 Nh4 17. Qh5 h6 18. Nd2 Rab8 19. b4 Bg6 20. Qg4 Rfe8 21. a4 Bf5 22. Qh5 Bg6 23. Qg4 Bf5 24. Qh5 Bg6 25. Qg4 Bf5 26. Qh5 Bg6 27. Qg4 Bf5 28. Qh5 Bg6 29. Qg4 1/2-1/2

[Event "EU-ch U18 Girls 23rd"]
[Site "Budva"]
[Date "2013.10.01"]
[Round "3"]
[White "Khafizova, Yana"]
[Black "Mirzabekyan, Svetlana"]
[Result "1-0"]
[WhiteElo "1955"]
[BlackElo "1894"]
[PlyCount "59"]
[EventDate "2013.09.29"]
[EventType "swiss"]
[EventRounds "9"]
[EventCountry "MNE"]
[SourceTitle "CBM 156 Extra"]
[Source "ChessBase"]
[SourceDate "2013.10.22"]
[SourceVersion "1"]
[SourceVersionDate "2013.10.22"]
[SourceQuality "1"]

1. d4 d5 2. c4 e6 3. Nf3 c6 4. e3 Nf6 5. Bd3 dxc4 6. Bxc4 Bd6 7. 0-0 0-0 8. Nc3 b5 9. Bd3 Nbd7 10. a4 b4 11. Ne4 Nxe4 12. Bxe4 Bb7 13. Re1 Qe7 14. Bd2 a5 15. Bd3 e5 16. Qc2 h6 17. e4 exd4 18. e5 Bc7 19. e6 Nb6 20. Bf5 Kh8 21. exf7 Qxf7 22. Nh4 Rfe8 23. Rxe8+ Rxe8 24. Bg6 Qc4 25. Qxc4 Nxc4 26. Bxe8 Nxd2 27. Re1 Bd6 28. Bg6 Kg8 29. Re8+ Bf8 30. Nf5 1-0

[Event "Satka Autumn op (Women)"]
[Site "Satka"]
[Date "2013.09.10"]
[Round "8"]
[White "Khafizova, Yana"]
[Black "Pranizina, Alina"]
[Result "1-0"]
[WhiteElo "1955"]
[BlackElo "1867"]
[PlyCount "91"]
[EventDate "2013.09.03"]
[EventType "swiss"]
[EventRounds "9"]
[EventCountry "RUS"]
[SourceTitle "CBM 156 Extra"]
[Source "ChessBase"]
[SourceDate "2013.10.22"]
[SourceVersion "1"]
[SourceVersionDate "2013.10.22"]
[SourceQuality "1"]

1. d4 d5 2. c4 e6 3. Nc3 Nf6 4. Bg5 Be7 5. e3 0-0 6. Qc2 h6 7. Bh4 c6 8. Nf3 Nbd7 9. Bd3 c5 10. 0-0 b6 11. cxd5 Nxd5 12. Bxe7 Qxe7 13. a3 Bb7 14. Ne2 Rac8 15. Qd2 c4 16. Bc2 Rfd8 17. e4 Nc7 18. Rad1 Ba6 19. Qe3 b5 20. Rfe1 Nb6 21. Ne5 Bb7 22. Ng3 Nd7 23. Nf3 Nf6 24. Qf4 b4 25. e5 Nh7 26. Nh5 Bxf3 27. Qxf3 Qh4 28. Re4 Qe7 29. Rg4 Ne8 30. axb4 Rb8 31. Qf4 g5 32. h4 f5 33. exf6 Nhxf6 34. Nxf6+ Nxf6 35. hxg5 Nxg4 36. Qxg4 Qxg5 37. Qxe6+ Kf8 38. Qxc4 Qd5 39. Qc7 Rb7 40. Qf4+ Rf7 41. Qxh6+ Rg7 42. Qf6+ Rf7 43. Qh8+ Ke7 44. Re1+ Kd7 45. Qh3+ Kc7 46. Bb3 1-0

[Event "Satka Autumn op (Women)"]
[Site "Satka"]
[Date "2013.09.07"]
[Round "5"]
[White "Litvinenko, Ekaterina"]
[Black "Khafizova, Yana"]
[Result "1-0"]
[WhiteElo "1945"]
[BlackElo "1955"]
[PlyCount "33"]
[EventDate "2013.09.03"]
[EventType "swiss"]
[EventRounds "9"]
[EventCountry "RUS"]
[SourceTitle "CBM 156 Extra"]
[Source "ChessBase"]
[SourceDate "2013.10.22"]
[SourceVersion "1"]
[SourceVersionDate "2013.10.22"]
[SourceQuality "1"]

1. e4 e5 2. Nf3 Nc6 3. Bc4 Nf6 4. Ng5 d5 5. exd5 Na5 6. b3 Bg4 7. Be2 Bxe2 8. Qxe2 Qxd5 9. 0-0 h6 10. Nc3 Qc5 11. Nge4 Nxe4 12. Nxe4 Qd5 13. Nc3 Qc5 14. b4 Qxb4 15. Qxe5+ Be7 16. Nd5 f6 17. Qh5+ 1-0

[Event "Satka Autumn op (Women)"]
[Site "Satka"]
[Date "2013.09.04"]
[Round "2"]
[White "Khafizova, Yana"]
[Black "Schepetkova, Margarita"]
[Result "0-1"]
[WhiteElo "1955"]
[BlackElo "2215"]
[PlyCount "94"]
[EventDate "2013.09.03"]
[EventType "swiss"]
[EventRounds "9"]
[EventCountry "RUS"]
[SourceTitle "CBM 156 Extra"]
[Source "ChessBase"]
[SourceDate "2013.10.22"]
[SourceVersion "1"]
[SourceVersionDate "2013.10.22"]
[SourceQuality "1"]

1. d4 d5 2. c4 c6 3. Nf3 Nf6 4. e3 Bg4 5. Nc3 e6 6. Bd3 Nbd7 7. 0-0 Bd6 8. h3 Bh5 9. a3 0-0 10. e4 dxe4 11. Nxe4 Nxe4 12. Bxe4 Nf6 13. Bd3 Bc7 14. Be3 Qd6 15. c5 Qd5 16. Be2 Rad8 17. Qa4 Bb8 18. Bc4 Qd7 19. Ne5 Qc7 20. Rfe1 Nd5 21. Bxd5 Rxd5 22. Bf4 Qd8 23. Be3 f5 24. f4 g5 25. Qb3 Bxe5 26. dxe5 Rf7 27. Qc4 g4 28. hxg4 Bxg4 29. Rac1 Qh4 30. Bf2 Qh5 31. Rc3 Rg7 32. Bg3 Rg6 33. Rce3 Rh6 34. Qb4 Qf7 35. Qc3 Qd7 36. Bf2 Qd8 37. b4 Rg6 38. Bg3 h5 39. Kh2 h4 40. Bf2 Rd2 41. Rf1 Be2 42. Rg1 Bg4 43. Rf1 Qd5 44. Qc1 Qa2 45. Kg1 h3 46. Rg3 h2+ 47. Kxh2 Rxf2 0-1

[Event "Satka Autumn op (Women)"]
[Site "Satka"]
[Date "2013.09.03"]
[Round "1"]
[White "Khlichkova, Tatiana"]
[Black "Khafizova, Yana"]
[Result "0-1"]
[WhiteElo "2222"]
[BlackElo "1955"]
[PlyCount "102"]
[EventDate "2013.09.03"]
[EventType "swiss"]
[EventRounds "9"]
[EventCountry "RUS"]
[SourceTitle "CBM 156 Extra"]
[Source "ChessBase"]
[SourceDate "2013.10.22"]
[SourceVersion "1"]
[SourceVersionDate "2013.10.22"]
[SourceQuality "1"]

1. d4 d5 2. c4 c6 3. Nf3 e6 4. e3 Nf6 5. b3 Nbd7 6. Bd3 Bd6 7. Bb2 0-0 8. Nbd2 Re8 9. Ne5 c5 10. 0-0 b6 11. cxd5 exd5 12. f4 Bb7 13. Bf5 Nf8 14. Qc2 Qe7 15. Rf3 Ne6 16. g4 g6 17. g5 Nd7 18. Bd3 cxd4 19. Bxd4 Nxd4 20. exd4 Rac8 21. Qd1 Bb4 22. Rc1 Rxc1 23. Qxc1 Rc8 24. Qe1 Nxe5 25. dxe5 Qc5+ 26. Rf2 Qc1 27. Qxc1 Rxc1+ 28. Nf1 Bc5 29. Kg2 Bxf2 30. Kxf2 Ra1 31. a4 d4 32. Ke2 Bd5 33. Nd2 Rh1 34. Nf3 Bxb3 35. Nxd4 Rxh2+ 36. Ke3 Bxa4 37. Be2 Bd7 38. Kd3 Kf8 39. Bd1 b5 40. Nb3 Ke7 41. Kd4 a6 42. Bf3 Rh3 43. Bd1 Rh4 44. Ke3 Rh1 45. Bf3 Rh3 46. Ke2 b4 47. Na5 Bb5+ 48. Kf2 Rh2+ 49. Ke3 Ra2 50. Nb7 Ra3+ 51. Kf2 Rxf3+ 0-1

[Event "Cheliabinsk-ch final"]
[Site "Cheliabinsk"]
[Date "2013.01.19"]
[Round "3"]
[White "Radzhabov, Rodion"]
[Black "Khafizova, Yana"]
[Result "1/2-1/2"]
[WhiteElo "1893"]
[BlackElo "1936"]
[PlyCount "47"]
[EventDate "2013.01.15"]
[EventType "swiss"]
[EventRounds "9"]
[EventCountry "RUS"]
[SourceTitle "EXT 2014"]
[Source "ChessBase"]
[SourceDate "2013.11.20"]
[SourceVersion "1"]
[SourceVersionDate "2013.11.20"]
[SourceQuality "1"]

1. e4 b6 2. Nc3 Bb7 3. Nf3 g6 4. d4 Bg7 5. Bd3 e6 6. 0-0 d6 7. Bg5 Ne7 8. Qd2 h6 9. Be3 Nd7 10. Ne2 Nf6 11. Ng3 Ng4 12. c4 0-0 13. h3 Nxe3 14. fxe3 f5 15. exf5 exf5 16. Ne2 d5 17. Nf4 Qd6 18. cxd5 Nxd5 19. Bc4 Kh7 20. Nxd5 Bxd5 21. Rac1 Be4 22. Bd3 c5 23. Bxe4 fxe4 24. dxc5 1/2-1/2

[Event "Cheliabinsk-ch sf"]
[Site "Cheliabinsk"]
[Date "2012.12.25"]
[Round "7"]
[White "Andreev, Alexander"]
[Black "Khafizova, Yana"]
[Result "0-1"]
[WhiteElo "1890"]
[BlackElo "1936"]
[PlyCount "156"]
[EventDate "2012.12.13"]
[EventType "swiss"]
[EventRounds "9"]
[EventCountry "RUS"]
[SourceTitle "EXT 2022"]
[Source "ChessBase"]
[SourceDate "2021.10.06"]
[SourceVersion "1"]
[SourceVersionDate "2021.10.06"]
[SourceQuality "1"]

1. Nf3 d5 2. c4 d4 3. b4 f6 4. e3 dxe3 5. fxe3 Bg4 6. Be2 e5 7. Qb3 Nc6 8. Ba3 e4 9. Ng1 f5 10. Bb2 Nh6 11. c5 Qh4+ 12. g3 Qe7 13. Nc3 0-0-0 14. 0-0-0 Bxe2 15. Ncxe2 Ng4 16. Nh3 Nge5 17. Nd4 Nd3+ 18. Kb1 Qd7 19. Bc3 Nce5 20. Qe6 g6 21. Qxd7+ Rxd7 22. Ne6 Be7 23. Nhf4 Bf6 24. Nxd3 Rxd3 25. Nf4 Rd7 26. Rhf1 Re8 27. h3 Bh8 28. Bxe5 Bxe5 29. Kc2 Bxf4 30. gxf4 Rd3 31. Ra1 Red8 32. Rf2 Kd7 33. h4 b6 34. cxb6 cxb6 35. Rh2 Kc6 36. a4 Kd5 37. h5 Kc4 38. a5 Kxb4 39. axb6 axb6 40. Ra7 R8d7 41. Rxd7 Rxd7 42. hxg6 hxg6 43. Rh8 Rc7+ 44. Kb2 Rd7 45. Kc2 Rd6 46. Ra8 b5 47. Rb8 Ra6 48. Rb7 Kc4 49. Rc7+ Kb4 50. Kb2 Rd6 51. Kc2 g5 52. fxg5 Rg6 53. Rb7 Rxg5 54. Rb8 Rg6 55. Rb7 Rc6+ 56. Kb2 Rc5 57. Rb8 Kc4 58. Kc2 Kb4+ 59. Kb2 Rc7 60. Rb6 Rf7 61. Rb8 f4 62. exf4 Rxf4 63. Re8 Rh4 64. Re7 Kc4 65. Kc2 Kd5 66. Rb7 Kc6 67. Re7 Kd6 68. Rb7 Rh5 69. Rb8 Re5 70. Rd8+ Kc5 71. Rb8 Kd4 72. Rh8 Rc5+ 73. Kb3 Kd3 74. Rh4 Rc4 75. Rh2 Rc1 76. Rh8 Kxd2 77. Rd8+ Ke2 78. Kb2 Rc4 0-1

[Event "Cheliabinsk-ch sf"]
[Site "Cheliabinsk"]
[Date "2012.12.20"]
[Round "6"]
[White "Khafizova, Yana"]
[Black "Litvinenko, Ekaterina"]
[Result "1-0"]
[WhiteElo "1936"]
[BlackElo "1946"]
[PlyCount "133"]
[EventDate "2012.12.13"]
[EventType "swiss"]
[EventRounds "9"]
[EventCountry "RUS"]
[SourceTitle "EXT 2022"]
[Source "ChessBase"]
[SourceDate "2021.10.06"]
[SourceVersion "1"]
[SourceVersionDate "2021.10.06"]
[SourceQuality "1"]

1. e4 e5 2. Nf3 Nc6 3. Bc4 Nf6 4. d3 Bc5 5. c3 d6 6. Nbd2 a6 7. Bb3 Qe7 8. Qe2 Bg4 9. h3 Bd7 10. Nf1 h6 11. Be3 0-0-0 12. a3 Kb8 13. Ba2 Bxe3 14. Nxe3 Be6 15. c4 g5 16. 0-0-0 Qd7 17. Kb1 Nd4 18. Nxd4 exd4 19. Nc2 c5 20. Ka1 Rde8 21. Qd2 Nh5 22. Rb1 Nf4 23. f3 f5 24. b4 Ka8 25. b5 Qc7 26. Rb2 fxe4 27. fxe4 Rb8 28. Rhb1 Ng6 29. Ne1 Ne5 30. Rb3 b6 31. bxa6 Bc8 32. R1b2 Bxa6 33. Bb1 Rhf8 34. Qe2 Nc6 35. Rd2 Na7 36. a4 Nc6 37. Nc2 Rb7 38. Na3 Nb4 39. Bc2 Qc6 40. Nb5 Rbf7 41. Rb1 Bxb5 42. cxb5 Qe8 43. Qh5 Nxc2+ 44. Rxc2 Qe6 45. a5 Rf1 46. Rc4 Rxb1+ 47. Kxb1 Qd7 48. Qd1 Qxb5+ 49. Ka1 Qxa5+ 50. Ra4 Ka7 51. Rxa5+ bxa5 52. Qe1 Kb6 53. Ka2 Rc8 54. Kb3 Rb8 55. Ka4 Kc6 56. Qxa5 Rb1 57. Qa8+ Kc7 58. Qd5 Ra1+ 59. Kb3 Rb1+ 60. Kc2 Rf1 61. e5 dxe5 62. Qxc5+ Kd7 63. Qd5+ Kc8 64. Qxe5 Rf2+ 65. Kb3 Rf4 66. g3 Rf7 67. Qe8+ 1-0

[Event "Cheliabinsk-ch sf"]
[Site "Cheliabinsk"]
[Date "2012.12.18"]
[Round "4"]
[White "Khafizova, Yana"]
[Black "Krapivin, Viktor"]
[Result "1/2-1/2"]
[WhiteElo "1936"]
[BlackElo "1834"]
[PlyCount "82"]
[EventDate "2012.12.13"]
[EventType "swiss"]
[EventRounds "9"]
[EventCountry "RUS"]
[SourceTitle "EXT 2022"]
[Source "ChessBase"]
[SourceDate "2021.10.06"]
[SourceVersion "1"]
[SourceVersionDate "2021.10.06"]
[SourceQuality "1"]

1. d4 Nf6 2. c4 e6 3. Nc3 Bb4 4. Bd2 0-0 5. Qc2 d5 6. e3 Nbd7 7. Nf3 Be7 8. Rc1 c6 9. a3 Re8 10. Bd3 dxc4 11. Bxc4 Nb6 12. Ba2 Nbd7 13. 0-0 Nf8 14. Ne5 Bd7 15. f4 c5 16. Kh1 cxd4 17. exd4 Rc8 18. Qb3 Bc6 19. Be3 Bd5 20. Nxd5 Nxd5 21. Bd2 Qb6 22. Qxb6 Nxb6 23. f5 Rxc1 24. Bxc1 Bf6 25. fxe6 Nxe6 26. g4 h6 27. Bb3 Rd8 28. Be3 Kf8 29. h4 Ke7 30. Nxf7 Kxf7 31. g5 hxg5 32. hxg5 Nd5 33. Bd2 Nxd4 34. Ba2 Ne6 35. gxf6 Nxf6 36. Bc3 Rd3 37. Re1 Nd5 38. Be5 Re3 39. Rxe3 Nxe3 40. Bd4 Nd1 41. b4 a6 1/2-1/2

[Event "Cheliabinsk-ch sf"]
[Site "Cheliabinsk"]
[Date "2012.12.15"]
[Round "2"]
[White "Khafizova, Yana"]
[Black "Mutav, Vladimir"]
[Result "1-0"]
[WhiteElo "1936"]
[BlackElo "1848"]
[PlyCount "59"]
[EventDate "2012.12.13"]
[EventType "swiss"]
[EventRounds "9"]
[EventCountry "RUS"]
[SourceTitle "EXT 2022"]
[Source "ChessBase"]
[SourceDate "2021.10.06"]
[SourceVersion "1"]
[SourceVersionDate "2021.10.06"]
[SourceQuality "1"]

1. d4 d5 2. c4 c6 3. Nf3 Nf6 4. Nc3 e6 5. Bg5 Nbd7 6. e3 Bb4 7. Bd3 Qa5 8. Qc2 dxc4 9. Bxc4 Ne4 10. Qxe4 Bxc3+ 11. Ke2 Bxb2 12. Rab1 Ba3 13. Rhd1 0-0 14. Kf1 h6 15. Bd3 Qf5 16. Qh4 Qd5 17. Rb3 Bd6 18. e4 Qa5 19. e5 Bxe5 20. Nxe5 Nxe5 21. dxe5 Qxe5 22. Be7 Re8 23. Bd6 Qa5 24. Ra3 Qd8 25. Qg3 Qg5 26. Qf3 Bd7 27. Bf4 Qe7 28. Ra5 b6 29. Rh5 g6 30. Qg3 1-0

[Event "SRB Central-ch op-B 5th"]
[Site "Paracin"]
[Date "2012.07.13"]
[Round "9"]
[White "Nikolic, Vladimir"]
[Black "Khafizova, Yana"]
[Result "1-0"]
[WhiteElo "1987"]
[BlackElo "1934"]
[PlyCount "183"]
[EventDate "2012.07.06"]
[EventType "swiss"]
[EventRounds "9"]
[EventCountry "SRB"]
[SourceTitle "CBM 149 Extra"]
[Source "ChessBase"]
[SourceDate "2012.08.24"]
[SourceVersion "1"]
[SourceVersionDate "2012.08.24"]
[SourceQuality "1"]

1. Nf3 d5 2. d4 c6 3. c3 Nf6 4. g3 Bf5 5. Qb3 Qb6 6. Nbd2 Nbd7 7. Bg2 e6 8. 0-0 Be7 9. Re1 Ne4 10. Nxe4 Bxe4 11. Bf4 0-0 12. Ne5 Qxb3 13. axb3 Nxe5 14. Bxe4 Nd7 15. Bg2 f5 16. h4 Nf6 17. b4 a6 18. f3 Nh5 19. Be5 f4 20. Bh3 Nxg3 21. Bxe6+ Kh8 22. e3 Bxh4 23. exf4 Nh5 24. f5 Ng3 25. Bxg3 Bxg3 26. Re2 Rae8 27. Kg2 Bh4 28. Rh1 Bg5 29. Kg3 h6 30. f4 Bd8 31. Kg4 Kh7 32. Reh2 Bc7 33. Re2 Bd6 34. Rh5 Rf6 35. Reh2 Rd8 36. Kf3 Re8 37. R5h4 Rff8 38. Rg2 Be7 39. Rhg4 Bf6 40. Rg1 Rd8 41. Re1 Rde8 42. Rgg1 Bh4 43. Re2 Rd8 44. Reg2 Bf6 45. Rd1 Rd6 46. Re2 Rdd8 47. Ke3 Be7 48. Rg2 Bf6 49. Rdg1 Rd6 50. Kd3 Rdd8 51. b3 Rd6 52. Ra1 Rdd8 53. Rd2 Be7 54. Ke3 Rde8 55. Rg2 Rd8 56. Ra4 Bf6 57. Rd2 Rfe8 58. Kf3 Rf8 59. Kg4 Rd6 60. Ra1 Rdd8 61. Rad1 Be7 62. Rd3 Rd6 63. Kh5 Rdd8 64. c4 Bxb4 65. c5 Rde8 66. Ra1 Re7 67. Rg1 Ba5 68. Rg6 Bc7 69. Re3 Ree8 70. f6 Bxf4 71. Rxg7+ Kh8 72. Kg6 Rxf6+ 73. Kxf6 Bxe3 74. Rxb7 Bxd4+ 75. Kf5 Bxc5 76. Bf7 Re7 77. Rb8+ Kg7 78. Be6 d4 79. Bc4 Bd6 80. Rg8+ Kh7 81. Rd8 Re5+ 82. Kg4 Rg5+ 83. Kf3 Be5 84. Bxa6 Bg7 85. Bd3+ Rg6 86. Rd6 Kg8 87. Bxg6 c5 88. Rd7 Bf8 89. Kg4 Kh8 90. Kh5 Kg8 91. Bh7+ Kh8 92. Kg6 1-0

[Event "Satka Governor Cup"]
[Site "Satka"]
[Date "2011.08.21"]
[Round "9"]
[White "Setyaki, Azarya Jodi"]
[Black "Khafizova, Yana"]
[Result "1/2-1/2"]
[WhiteElo "1773"]
[BlackElo "1936"]
[PlyCount "78"]
[EventDate "2011.08.16"]
[EventType "swiss"]
[EventRounds "9"]
[EventCountry "RUS"]
[SourceTitle "CBM 144 Extra"]
[Source "ChessBase"]
[SourceDate "2011.10.28"]
[SourceVersion "1"]
[SourceVersionDate "2011.10.28"]
[SourceQuality "1"]

1. e4 e5 2. Nf3 Nc6 3. Bb5 a6 4. Bxc6 dxc6 5. 0-0 Bg4 6. h3 h5 7. d3 Qf6 8. Be3 Bxf3 9. Qxf3 Qxf3 10. gxf3 Bd6 11. Nd2 Ne7 12. Nc4 Ng6 13. Rfb1 f6 14. Kf1 Nh4 15. f4 exf4 16. Nxd6+ cxd6 17. Bxf4 0-0-0 18. Bg3 Nf3 19. Kg2 Nd4 20. Rc1 h4 21. Bh2 g5 22. c3 Ne6 23. Re1 Rhe8 24. Re3 d5 25. exd5 Rxd5 26. Rae1 Kd7 27. d4 Ng7 28. Kf3 Rxe3+ 29. fxe3 Ke6 30. e4 Rd7 31. e5 Rf7 32. Kg4 Nf5 33. c4 Nxd4 34. exf6+ Kxf6 35. Rf1+ Kg6 36. Rxf7 Kxf7 37. Be5 Ne2 38. Kxg5 Ng1 39. Kg4 Kg6 1/2-1/2

[Event "Satka Governor Cup"]
[Site "Satka"]
[Date "2011.08.20"]
[Round "8"]
[White "Khafizova, Yana"]
[Black "Gladkov, Dmitry"]
[Result "1/2-1/2"]
[WhiteElo "1936"]
[BlackElo "1967"]
[PlyCount "68"]
[EventDate "2011.08.16"]
[EventType "swiss"]
[EventRounds "9"]
[EventCountry "RUS"]
[SourceTitle "CBM 144 Extra"]
[Source "ChessBase"]
[SourceDate "2011.10.28"]
[SourceVersion "1"]
[SourceVersionDate "2011.10.28"]
[SourceQuality "1"]

1. e4 c5 2. Nf3 Nc6 3. d4 cxd4 4. Nxd4 Nf6 5. Nc3 e5 6. Ndb5 d6 7. Bg5 a6 8. Na3 b5 9. Nd5 Be7 10. Bxf6 Bxf6 11. c4 b4 12. Nc2 Bg5 13. Be2 0-0 14. 0-0 a5 15. b3 Rb8 16. Qd3 Be6 17. Rad1 g6 18. Kh1 f5 19. Bf3 f4 20. Qe2 Qd7 21. c5 Bd8 22. Qa6 Qb7 23. Qxb7 Rxb7 24. cxd6 Kf7 25. g3 g5 26. gxf4 gxf4 27. Rg1 Rg8 28. Rxg8 Kxg8 29. Rg1+ Kf8 30. Rd1 Rd7 31. Rd3 Bh3 32. Bg2 Bg4 33. f3 Be6 34. Bf1 h5 1/2-1/2

[Event "Satka Governor Cup"]
[Site "Satka"]
[Date "2011.08.18"]
[Round "3"]
[White "Khafizova, Yana"]
[Black "Isakjanov, Kelsinbek"]
[Result "1/2-1/2"]
[WhiteElo "1936"]
[BlackElo "1913"]
[PlyCount "115"]
[EventDate "2011.08.16"]
[EventType "swiss"]
[EventRounds "9"]
[EventCountry "RUS"]
[SourceTitle "CBM 144 Extra"]
[Source "ChessBase"]
[SourceDate "2011.10.28"]
[SourceVersion "1"]
[SourceVersionDate "2011.10.28"]
[SourceQuality "1"]

1. d4 d5 2. c4 dxc4 3. Nc3 e5 4. d5 Nf6 5. e4 c6 6. Bxc4 b5 7. Bb3 b4 8. Nce2 Nxe4 9. Nf3 Bc5 10. Be3 Bxe3 11. fxe3 Bg4 12. 0-0 Qb6 13. Qc1 0-0 14. dxc6 Bxf3 15. Rxf3 Nc5 16. Bd5 e4 17. Rf5 Nd3 18. Qd2 g6 19. Rf6 Qd8 20. Bxe4 Qxf6 21. Qxd3 Nxc6 22. Rc1 Qe6 23. Nd4 Nxd4 24. Bxa8 Rxa8 25. Qxd4 a5 26. a3 bxa3 27. bxa3 Re8 28. Re1 Qe4 29. Kf2 Qxd4 30. exd4 Rxe1 31. Kxe1 Kf8 32. Kd2 Ke7 33. Kc3 f5 34. Kc4 Kd6 35. a4 g5 36. d5 h6 37. Kd4 h5 38. Kc4 g4 39. Kd4 h4 40. Ke3 Kxd5 41. Kf4 Ke6 42. Kg5 Ke5 43. Kxh4 Kf4 44. g3+ Ke4 45. Kg5 Ke5 46. Kh5 Kf6 47. Kh6 Kf7 48. Kg5 Ke6 49. Kg6 Ke5 50. Kg5 Ke4 51. Kh5 Kd5 52. Kg5 Ke5 53. Kh5 Kf6 54. Kh6 f4 55. gxf4 Kf5 56. Kh5 Kxf4 57. Kh4 Kf5 58. Kh5 1/2-1/2

[Event "Cheliabinsk-ch"]
[Site "Cheliabinsk"]
[Date "2011.01.18"]
[Round "4"]
[White "Khafizova, Yana"]
[Black "Kanakin, Konstantin"]
[Result "1/2-1/2"]
[WhiteElo "1919"]
[BlackElo "1922"]
[PlyCount "82"]
[EventDate "2011.01.13"]
[EventType "swiss"]
[EventRounds "9"]
[EventCountry "RUS"]
[SourceTitle "EXT 2012"]
[Source "ChessBase"]
[SourceDate "2011.11.24"]
[SourceVersion "1"]
[SourceVersionDate "2011.11.24"]
[SourceQuality "1"]

1. d4 d5 2. c4 c6 3. cxd5 cxd5 4. Nc3 Nf6 5. Nf3 Nc6 6. Bf4 Bf5 7. e3 a6 8. a3 e6 9. Be2 Bd6 10. Bxd6 Qxd6 11. 0-0 b5 12. Rc1 0-0 13. Nd2 Na5 14. Nb3 Nc4 15. Bxc4 dxc4 16. Nc5 Nd7 17. N5e4 Bxe4 18. Nxe4 Qe7 19. Qe2 Nf6 20. Nxf6+ Qxf6 21. Rfd1 Rfd8 22. Qd2 Rd7 23. Qc3 Rad8 24. Rd2 h6 25. Rcd1 Qh4 26. Qa5 Rd6 27. Qc3 Rd5 28. f3 e5 29. g3 Qf6 30. Kg2 exd4 31. Rxd4 Rxd4 32. Rxd4 Re8 33. Qd2 Qg5 34. e4 Qxd2+ 35. Rxd2 f5 36. exf5 Rc8 37. Rd6 a5 38. Rb6 Rc5 39. Kf2 c3 40. bxc3 Rxc3 41. Rxb5 Rxa3 1/2-1/2

[Event "Cheliabinsk-ch"]
[Site "Cheliabinsk"]
[Date "2011.01.13"]
[Round "1"]
[White "Khafizova, Yana"]
[Black "Matsenko, Vadim"]
[Result "0-1"]
[WhiteElo "1919"]
[BlackElo "2134"]
[PlyCount "86"]
[EventDate "2011.01.13"]
[EventType "swiss"]
[EventRounds "9"]
[EventCountry "RUS"]
[SourceTitle "EXT 2012"]
[Source "ChessBase"]
[SourceDate "2011.11.24"]
[SourceVersion "1"]
[SourceVersionDate "2011.11.24"]
[SourceQuality "1"]

1. d4 d5 2. c4 c6 3. cxd5 cxd5 4. Nc3 Nc6 5. Nf3 Nf6 6. e3 Bf5 7. Be2 h6 8. 0-0 e6 9. Bd2 Be7 10. Rc1 0-0 11. a3 Ne4 12. Na4 Rc8 13. Qb3 Qd7 14. Rfd1 Bf6 15. Nc5 Nxc5 16. Rxc5 b6 17. Rcc1 Nb8 18. Bb5 Qb7 19. h3 Rxc1 20. Rxc1 Rc8 21. Rxc8+ Qxc8 22. Qc3 Qb7 23. Ne1 a6 24. Bd3 Bxd3 25. Nxd3 Nc6 26. Qc2 Ne7 27. Bb4 Nc8 28. Qb3 Qd7 29. Qc2 a5 30. Bd2 Nd6 31. b3 g6 32. a4 Kh7 33. Nb2 e5 34. dxe5 Bxe5 35. Nd3 Bg7 36. Bc1 d4 37. exd4 Bxd4 38. Qd2 Bg7 39. Nf4 Qc6 40. Bb2 Ne4 41. Qe2 Bxb2 42. Qxb2 Nc5 43. Qf6 Qxf6 0-1

[Event "Cheliabinsk Kibizov Memorial 5th"]
[Site "Cheliabinsk"]
[Date "2010.06.28"]
[Round "5"]
[White "Sofyin, Pavel"]
[Black "Khafizova, Yana"]
[Result "1/2-1/2"]
[WhiteElo "1992"]
[BlackElo "1884"]
[PlyCount "43"]
[EventDate "2010.06.24"]
[EventType "swiss"]
[EventRounds "9"]
[EventCountry "RUS"]
[SourceTitle "EXT 2012"]
[Source "ChessBase"]
[SourceDate "2011.11.24"]
[SourceVersion "1"]
[SourceVersionDate "2011.11.24"]
[SourceQuality "1"]

1. e4 e5 2. Nf3 Nc6 3. d4 exd4 4. Nxd4 Qf6 5. Be3 Bc5 6. c3 Nge7 7. Bc4 Ne5 8. Be2 Qg6 9. 0-0 0-0 10. Nd2 d5 11. Bh5 Qa6 12. b4 Bxd4 13. Bxd4 N5g6 14. Be2 Qc6 15. exd5 Qxd5 16. Bf3 Qd8 17. Nc4 c6 18. Bc5 Be6 19. Qxd8 Rfxd8 20. Ne3 b6 21. Bxe7 Nxe7 22. a3 1/2-1/2